Statistiken für Oscar-Kategorien (2023)

Klicken Sie hier um das Quiz zu spielen!

Allgemein

  • Dieses Quiz wurde 74 mal gespielt
  • Das Durchschnittsergebnis liegt bei 15 aus 23

Antwortstatistiken

Kategorie% Korrekt
Bester Nebendarsteller
96%
Beste Regie
94%
Bester Hauptdarsteller
94%
Bester Film
93%
Beste Filmmusik
87%
Beste Nebendarstellerin
82%
Beste Hauptdarstellerin
81%
Bestes adaptiertes Drehbuch
79%
Bestes Originaldrehbuch
79%
Beste Kamera
69%
Bester Schnitt
63%
Bestes Kostümdesign
61%
Bester animierter Kurzfilm
58%
Bester animierter Spielfilm
58%
Bester Ton
58%
Bester Kurzfilm
57%
Bester Dokumentar-Kurzfilm
52%
Bester Dokumentarfilm
43%
Bestes Make-up und beste Frisuren
39%
Beste visuelle Effekte
39%
Bester Song
36%
Bester internationaler Film
22%
Bestes Szenenbild
21%

Verteilung der Resultate

Perzentil nach korrekt beantworteten Fragen

Anzahl Personen mit jedem Resultat

Ihre Resultats-Entwicklung

Sie haben dieses Quiz noch nicht gespielt